00520nam a2200181 a 450000100060000000300090000600800410001502000180005604000280007408200160010210000290011824500600014726000250020730000110023265000470024365000290029065000190031923140CO-ViMGA141112s2004 ck r 000 u spa d a9789682481826 aCO-ViMGAbspacCO-ViMGA04a519.5 W475e1 aWisniewski, Piotr Mariam10aEstadistica y probabilidad : bEjercicios con respuesta aMéxico : bTrillas a315 p.14aESTADISTICA - PROBLEMAS , EJERCICIOS, ETC 14aESTADISTICAS MATEMATICA 14aPROBABILIDADES